000 00443nam a2200145 a 4500
001 000029634
005 20200930055707.0
008 110419s1978 dr 000 0 spa d
040 _aDO-SdBNP
_bspa
_cBNPHU
100 1 _aTavarez, Julia
_956445
245 1 0 _aGuide to caribbean prehistory /
_cJulia Tavarez.
260 _aSanto Domingo :
_bEdiciones del Museo del Hombre Dominicano,
_c1978.
300 _a[18] p. :
_bil. ;
_c19 cm.
049 _aBNPD
999 _c29126
_d29126